Pamätník dvadsiatej ôsmej konvencie Prvej Katolickej Slovenskej Jednoty vydržiavanej v dňoch 6. do 11. septembra 1943 v hoteli Morrison, v Chicago, Ill

Podrobná bibliografia
Médium: Kniha
Jazyk:slovenčina
Fyzický popis:176 s. 27 cm
Vydavateľské údaje: [Chicago] [Prvá Katolícka Slovenská Jednota] [1943]
Predmet:

MARC

LEADER 00000nam a2200000 a 4500
001 vtls001142776
003 SK-MaSNL
005 20260302031358.0
008 960122s1943 xxu 0100 slo
015 |a SNBAZS1993 
035 |a SNK000085629 
040 |a SNK  |b slo  |c SNK  |e AACR2 
041 0 |a slo 
044 |a xxu  |c US 
080 |a 061.2:323.1(73=854)"1943"=854  |2 1981 
080 |a 323.1(73=854)"1943"=854  |2 1981 
245 0 0 |a Pamätník dvadsiatej ôsmej konvencie Prvej Katolickej Slovenskej Jednoty vydržiavanej v dňoch 6. do 11. septembra 1943 v hoteli Morrison, v Chicago, Ill 
260 |a [Chicago]  |b [Prvá Katolícka Slovenská Jednota]  |c [1943]  |e Chicago  |f Tylka Bros Press 
300 |a 176 s.  |c 27 cm 
500 |a Text aj v angl. 
610 2 7 |a Prvá katolícka slovenská jednota (Chicago, Illinois)  |2 SNK  |9 524175 
650 0 7 |a Slováci v zahraničí  |2 SNKPH  |9 14695 
651 7 |a Spojené štáty americké  |2 SNKPHgeo  |9 18262 
655 7 |a pamätnice  |2 SNK  |9 282423 
958 |a ZS 
999 |c 1052073  |d 1054003 
952 |a SNK  |b SNK  |y PREZ  |7 0  |p 17A0804870  |o snkSB 50623  |i snkV 1036/93  |8 2  |0 0  |1 0  |4 0  |d 2013-05-14  |f 1  |l 0  |r 2026-02-24 15:00:33  |w 2026-02-24